ბათუმის შოთა რუსთაველის სახელმწიფო უნივერსიტეტის ბიბლიოთეკა

The member States of the European Union / (ბიბ.ჩანაწერი № 53669)

000 -LEADER
fixed length control field 00852nam a2200253Ia 4500
001 - CONTROL NUMBER
control field 20716
003 - CONTROL NUMBER IDENTIFIER
control field GE_BSU
005 - DATE AND TIME OF LATEST TRANSACTION
control field 20210307223731.0
008 - FIXED-LENGTH DATA ELEMENTS--GENERAL INFORMATION
fixed length control field 181216s2013||||xx |||||||||||||| ||eng||
020 ## - INTERNATIONAL STANDARD BOOK NUMBER
International Standard Book Number 9780199544837
040 ## - CATALOGING SOURCE
Transcribing agency GE_BSU
041 ## - LANGUAGE CODE
Language code of text/sound track or separate title eng
080 ## - UNIVERSAL DECIMAL CLASSIFICATION NUMBER
Universal Decimal Classification number 341.1 T-44
245 #4 - TITLE STATEMENT
Title The member States of the European Union /
Remainder of title Edited by Bulmer Simon, Lequesne Christian.
250 ## - EDITION STATEMENT
Edition statement Second edition
264 ## - PRODUCTION, PUBLICATION, DISTRIBUTION, MANUFACTURE, AND COPYRIGHT NOTICE
Place of production, publication, distribution, manufacture Oxford :
Name of producer, publisher, distributor, manufacturer Oxford university Press,
Date of production, publication, distribution, manufacture, or copyright notice 2013.
300 ## - PHYSICAL DESCRIPTION
Extent 449 p. ;
Dimensions 25 cm.
653 ## - INDEX TERM--UNCONTROLLED
keyword The member States of the European Union
653 ## - INDEX TERM--UNCONTROLLED
keyword Государства - члены Европейского союза
653 ## - INDEX TERM--UNCONTROLLED
keyword ევროკავშირის წევრი სახელმწიფოები
700 ## - ADDED ENTRY--PERSONAL NAME
Personal name Christian, Lequesne
Relator term Editer
9 (RLIN) 10373
942 ## - ADDED ENTRY ELEMENTS (KOHA)
Koha item type წიგნი
Source of classification or shelving scheme
ეგზემპლარები
Withdrawn status Lost status Source of classification or shelving scheme Damaged status Not for loan Permanent Location Current Location Shelving location Date acquired Cost, normal purchase price Full call number Barcode Date last seen Copy number Price effective from Koha item type Public note
          ბათუმის შოთა რუსთაველის სახელმწიფო უნივერსიტეტის მთავარი ბიბლიოთეკა ბათუმის შოთა რუსთაველის სახელმწიფო უნივერსიტეტის მთავარი ბიბლიოთეკა წიგნსაცავი 2018-12-17 120.00 341.1 T-44 54021 2018-12-17 54021 2018-12-17 წიგნი 120.00 GEL.
          ბათუმის შოთა რუსთაველის სახელმწიფო უნივერსიტეტის მთავარი ბიბლიოთეკა ბათუმის შოთა რუსთაველის სახელმწიფო უნივერსიტეტის მთავარი ბიბლიოთეკა წიგნსაცავი 2018-12-17 120.00 341.1 T-44 54086 2018-12-17 54086 2018-12-17 წიგნი 120.00 GEL.